The architectural drawing course : (Record no. 6197)

MARC details
000 -LEADER
fixed length control field 01684cam a22004337i 4500
001 - CONTROL NUMBER
control field 21814460
003 - CONTROL NUMBER IDENTIFIER
control field LIBRIS
005 - DATE AND TIME OF LATEST TRANSACTION
control field 20231018091229.0
008 - FIXED-LENGTH DATA ELEMENTS--GENERAL INFORMATION
fixed length control field 171030s2017 xxk|||||||||||000 0|eng|c
020 ## - INTERNATIONAL STANDARD BOOK NUMBER
International Standard Book Number 9780500293454
Qualifying information pocket
035 ## - SYSTEM CONTROL NUMBER
System control number (BOKR)9780500293454
040 ## - CATALOGING SOURCE
Original cataloging agency BOKR
Modifying agency Bthg
Description conventions i
Transcribing agency n
041 ## - LANGUAGE CODE
Language code of text/sound track or separate title eng
082 04 - DEWEY DECIMAL CLASSIFICATION NUMBER
Classification number 720.284 Z51 2017
Edition number 23/swe
084 ## - OTHER CLASSIFICATION NUMBER
Classification number Ic
Number source kssb/8 (machine generated)
100 1# - MAIN ENTRY--PERSONAL NAME
Personal name Zell, Mo
Relationship aut
245 10 - TITLE STATEMENT
Title The architectural drawing course :
Remainder of title the hand drawing techniques every architect should know /
Statement of responsibility, etc. Mo Zell.
264 #1 - PRODUCTION, PUBLICATION, DISTRIBUTION, MANUFACTURE, AND COPYRIGHT NOTICE
Place of production, publication, distribution, manufacture London :
Name of producer, publisher, distributor, manufacturer Thames & Hudson,
Date of production, publication, distribution, manufacture, or copyright notice 2017
300 ## - PHYSICAL DESCRIPTION
Extent 160 sidor
Other physical details ill.
Dimensions 22 cm.
336 ## - CONTENT TYPE
Content type term text
Content type code txt
Source rdacontent
337 ## - MEDIA TYPE
Media type term unmediated
Media type code n
Source rdamedia
338 ## - CARRIER TYPE
Carrier type term volume
Carrier type code nc
Source rdacarrier
650 #7 - SUBJECT ADDED ENTRY--TOPICAL TERM
Topical term or geographic name entry element Arkitekturritningar
Authority record control number or standard number https://id.kb.se/term/sao/Arkitekturritningar
Source of heading or term sao
650 #0 - SUBJECT ADDED ENTRY--TOPICAL TERM
Topical term or geographic name entry element Architectural drawing
887 ## - NON-MARC INFORMATION FIELD
Content of non-MARC field {"@id":"bvn37lxn43bm33q","modified":"2022-01-14T12:48:12.982+01:00"}
Source of data librisxl
887 ## - NON-MARC INFORMATION FIELD
Content of non-MARC field {"@id":"mr0cprqs4br0lsq","modified":"2018-01-02T14:16:29+01:00"}
Source of data librisxl
887 ## - NON-MARC INFORMATION FIELD
Content of non-MARC field {"@id":"xcxbq2qxv3nl7j59","modified":"2022-01-13T11:24:05.497+01:00"}
Source of data librisxl
942 ## - ADDED ENTRY ELEMENTS (KOHA)
Source of classification or shelving scheme Dewey Decimal Classification
Koha item type English Book
Suppress in OPAC No
Holdings
Withdrawn status Lost status Source of classification or shelving scheme Damaged status Not for loan Home library Current library Date acquired Total Checkouts Full call number Barcode Date last seen Price effective from Koha item type
    Dewey Decimal Classification     CENTRAL TUWAIQ 10/18/2023   720.284 Z51 2017 1000000024739 10/18/2023 10/18/2023 English Book